00389nam a2200121Ia 4500008004100000082002000041100002600061245002500087260004100112300001000153630001800163650008600181211109s9999||||xx |||||||||||||| ||und|| a894.8123bRAM-E aRamakrishna Pillai, K 0aEante Naadu Kadathal bCurrent BooksaKottayam Bn 795c1978 a143p. xgeneral stack aMalayalam LiteraturevMalayalam fictionxMalayalam Novelsmalayalam novelGeneralia